| 000 | 00943cam a2200229 4500 | ||
|---|---|---|---|
| 001 | WB3705-06 | ||
| 008 | 000000n2001 000 0 eng u | ||
| 035 | _a(Sirsi) u110718 | ||
| 245 | _aQSs compete for place on Railtrack's supplier list | ||
| 260 | _c2001 | ||
| 490 |
_aBuilding _v266(8166) 26 January 2001, 13(1) |
||
| 520 | _aRailtrack has advertised in the European Union's "Official Journal" for a new panel of framework QSs, to replace the 12 firms that were appointed in 1998. This is the result of Railtrack's reorganisation of infrastructure contracts in the wake of the Hatfield disaster. Over 40 firms, which include the original 12, have responded to the advertisement. | ||
| 590 | _aWB | ||
| 650 | _aRAILTRACK | ||
| 650 | _aQUANTITY SURVEYING FIRMS | ||
| 650 | _aMAINTENANCE CONTRACTS | ||
| 650 | _aREPAIRS | ||
| 650 | _aSUPPLIERS | ||
| 650 | _aFRAMEWORK AGREEMENTS | ||
| 690 |
_aProcurement _96260 |
||
| 942 | _n0 | ||
| 999 |
_c65986 _d65986 |
||